000
00211nam a22000857a 4500
008
160702b xxu||||| |||| 00| 0 eng d
100
_9
1769
_a
Rao, V.K
245
_a
Higher Education
260
_a
New Delhi
_b
A.P.H
_c
2004
999
_c
1473
_d
1473